La province de Champagne de A à Z - Statistiques

Statistiques générales
  • Ce quiz a été pris 18 fois
  • Le résultat moyen est 5 sur 26
Statistiques - réponses
Lettre Question Réponse % Correct
B Région de Champagne productrice d'un fromage du même nom Brie
71%
A Qu'était Le Paraclet créé à Nogent au XIIe siècle ? Un/une abbaye
53%
P 3e ville de France au XIe siècle Provins
53%
R Ancienne capitale des Rèmes, lieu de sacre royal Reims
53%
U Pape né en Champagne en 1042 Urbain II
53%
Y Le nord de ce département fait historiquement partie de la Champagne Yonne
53%
D Origine de la rose qui fera la fortune de Provins Damas
24%
Q Jean Talon, né à Châlons, intendant de la Nouvelle-France est mort à Québec
18%
S Ce rabbin aussi appelé Rachi a été protégé par les seigneurs de Champagne (prénom et nom) Salomon de Troyes
18%
T Peuple ayant eu pour capitale Troyes Tricasses
18%
V Le Perthois est en Champagne la région de Vitry-le-François
18%
X Homme politique né en 1965 à Châlons (prénom et nom) Xavier Bertrand
18%
C Ils ont eu Châlons-en-Champagne comme ville principale Catalaunes
12%
F Bataille du 25 mars 1814 (2 mots) Fère-Champenoise
12%
J Le Vallage est en Champagne la région de Joinville
12%
O Thibaud de Champagne est parmi les fondateur de l'/la/le (3 mots) Ordre du Temple
12%
G Futur pape sous le nom de Sylvestre II qui a enseigné à Reims (prénom et nom) Gerbert d'Aurillac
6%
H Archevêque de Reims qui arrête les invasions germaniques en 858 Hincmar
6%
K Général français qui se distingue lors de la bataille de Valmy Kellermann
6%
L Au nord la région est frontalière de la principauté de Liège
6%
I Organiste né à Saint-Dizier en 1935 (prénom et nom) André Isoir
0%
E Nom donné aux maîtres des écoles cathédrales au Moyen âge, comme à Reims Ecolâtre
0%
M Meaux était leur capitale Meldes
0%
N Etoffe de laine produite à Provins Ners
0%
W Général prussien vaincu à Montmirail en 1814 par Napoléon 1er.... Von... Wartenburg
0%
Z Angélico Surchamp a fondé les éditions... Zodiaque
0%
Aucun quiz correspondant
Distribution des résultats
% des personnes avec chaque résultat
Percentile par nombre de réponses
Votre historique - résultats
Vous n’avez pas pris ce quiz